000 01426pam a2200409 i 4500
001 BK0013477079
003 DLC
005 20241220140337.0
008 130912s2014 nyu c 000 1 eng
010 _a2013032734
020 _a9781442497009 : HRD
_c$16.99
020 _a1442497009 : HRD
_c$16.99
_z9781442497023 (eBook)
037 _bSimon & Schuster, 100 Front st, Riverside, NJ, USA, 08075-7500
_nSAN 200-2442
040 _aDLC
_beng
_cDLC
_erda
_dNjBwBT
050 0 0 _aPZ7.M9112
_bSk 2014
082 0 0 _a[Fic]
_223
092 _aFIC
092 _aMULL
100 1 _aMull, Brandon,
_d1974-
_955191
245 1 0 _aSky raiders /
_cBrandon Mull.
246 _bFive Kingdoms
246 _bFive Kingdoms Book One
246 _bFive Kingdoms Book 1
250 _aFirst Aladdin hardcover edition.
260 _bSimon & Schuster
_c2014
264 1 _aNew York :
_bAladdin,
_c2014.
300 _a421 pages ;
_c22 cm.
336 _atext
337 _aunmediated
338 _avolume
440 _aFive Kingdoms :
_v Book 1.
_96366402
490 _aFive kingdoms ;
_v1
520 _aWhisked through a portal to the Outskirts, an in-between world, sixth-grader Cole must rescue his friends and find his way back home--before his existence is forgotten.
650 1 _aFantasy.
_96267472
650 1 _aAdventure and adventurers
_vFiction.
_9102533
942 _cBOOK
_2ddc
999 _c108563
_d108563